000 00648nam a2200157 4500
999 _c16355
_d16355
008 220117b ||||| |||| 00| 0 eng d
022 _a0893-8989
082 _aDPer 363.205 P75 Sept 2013-May 2016 v. 37 & 40, n. 9-11/1-5
100 _aGeorge, A.J.
_943797
245 _aGloc 30s subcompact pistol:
_bglock's new slim .45 ACP holds 10 rounds, but it's comfortable to carry and shoot/
_cA.J. George.
260 _aCalifornia:
_bBobit Business Media,
_c©Sept 2013-May 2016.
300 _av37 n9, pages 20-22;
_billustrations;
_c27 cm.
500 _aPolice: the law enforcement magazine.
650 _aFirearms.
_943798
_xHandguns.
942 _2ddc
_cPER